[Event "39th Nezhmetdinov Mem"]
[Site "Kazan RUS"]
[Date "2017.06.02"]
[Round "3.2"]
[White "Smirnov, Pavel"]
[Black "Kozionov, Kirill"]
[Result "1-0"]
[WhiteTitle "GM"]
[BlackTitle "IM"]
[WhiteElo "2589"]
[BlackElo "2437"]
[WhiteFideId "4123425"]
[BlackFideId "24101729"]
[EventDate "2017.05.31"]

1. d4 d5 2. c4 dxc4 3. e3 Nf6 4. Bxc4 e6 5. Nf3 c5 6. O-O a6 7. b3 b6 8. Ba3
Nbd7 9. d5 exd5 10. Bxd5 Nxd5 11. Qxd5 Ra7 12. Bb2 Nf6 13. Qxd8+ Kxd8 14. Ne5
Ke8 15. Nd2 Be6 16. Ndc4 Nd7 17. Nxd7 Bxc4 18. Nf6+ gxf6 19. bxc4 Be7 20. a4 Kd7
21. Rfd1+ Kc6 22. Rd5 Rd7 23. Rf5 Rhd8 24. h4 Rd6 25. Kf1 Re6 26. Ke2 Re4 27.
Rc1 Re6 28. Rh5 Rh8 29. g4 b5 30. cxb5+ axb5 31. axb5+ Kxb5 32. g5 Rc8 33. Rxh7
fxg5 34. hxg5 Bxg5 35. Rxf7 Be7 36. f4 Bd6 37. Kf3 Rce8 38. Re1 Rh6 39. e4 Rh3+
40. Kg4 Rh2 41. e5 Be7 42. Ba1 c4 43. e6 Kc6 44. Kf5 Kd5 45. Rd1+ Kc6 46. Be5
Rh5+ 47. Ke4 Rh6 48. f5 Rh4+ 49. Bf4 c3 50. Rc1 Bb4 51. Rc7+ Kb6 52. Rb1 Rxf4+
53. Kxf4 Kxc7 54. Rxb4 Kd6 55. Rc4 Rg8 56. Rxc3 Rg1 57. Rd3+ 1-0

[Event "39th Nezhmetdinov Mem"]
[Site "Kazan RUS"]
[Date "2017.06.02"]
[Round "3.3"]
[White "Pridorozhni, Aleksei"]
[Black "Yandemirov, Valeri"]
[Result "1-0"]
[WhiteTitle "GM"]
[BlackTitle "GM"]
[WhiteElo "2540"]
[BlackElo "2387"]
[WhiteFideId "4127870"]
[BlackFideId "4102622"]
[EventDate "2017.05.31"]

1. e4 e5 2. Nf3 Nc6 3. d4 exd4 4. Nxd4 Bb4+ 5. c3 Bc5 6. Be3 Bb6 7. Nf5 Bxe3 8.
Nxe3 d6 9. g3 Nf6 10. Bg2 O-O 11. c4 a6 12. Nc3 Rb8 13. a4 a5 14. O-O Nb4 15. h3
Nd7 16. Ncd5 Nxd5 17. cxd5 Nc5 18. Qc2 b6 19. Rfe1 Re8 20. Nc4 Ba6 21. Re3 Qf6
22. Nd2 b5 23. axb5 Rxb5 24. Ra2 Reb8 25. e5 Qg6 26. Qc3 Rb4 27. Rxa5 f6 28.
exd6 cxd6 29. b3 h5 30. h4 Qg4 31. Ra3 Qf5 32. Bf3 Qg6 33. Re7 Rxh4 34. Rc7 Rhb4
35. Rxc5 dxc5 36. Rxa6 h4 37. Be2 Rd4 38. Nf1 Qe4 39. Re6 Qxd5 40. Bc4 Rxc4 41.
Qxc4 Qxc4 42. bxc4 hxg3 43. fxg3 Rb4 44. Ne3 1-0

[Event "39th Nezhmetdinov Mem"]
[Site "Kazan RUS"]
[Date "2017.06.02"]
[Round "3.4"]
[White "Anikonov, Dmitry"]
[Black "Swapnil, S. Dhopade"]
[Result "0-1"]
[WhiteTitle "FM"]
[BlackTitle "GM"]
[WhiteElo "2388"]
[BlackElo "2533"]
[WhiteFideId "24178012"]
[BlackFideId "5019184"]
[EventDate "2017.05.31"]

1. d4 Nf6 2. c4 c5 3. d5 b5 4. cxb5 a6 5. bxa6 g6 6. Nc3 Bg7 7. e4 O-O 8. Be2
Qa5 9. Bd2 d6 10. Nf3 Bxa6 11. O-O Bxe2 12. Qxe2 Qa6 13. Qd1 Nbd7 14. h3 Rfb8
15. Qc2 Ne8 16. a4 Nc7 17. Rfb1 Qb7 18. Ra3 Ra6 19. Nd1 Rb6 20. Ba5 Ra6 21. Be1
Qa7 22. Ne3 Ra8 23. Rba1 Rb8 24. Nc4 e6 25. dxe6 fxe6 26. Bc3 d5 27. Bxg7 Kxg7
28. Nce5 Nf6 29. Nd2 Nce8 30. Rf3 c4 31. Qc3 Rxa4 32. Re1 Ra1 33. Rc1 Qa2 34. b3
Rxc1+ 35. Qxc1 dxe4 36. Nxe4 Rxb3 37. Nc3 Qa6 38. Kh2 Qa5 39. Qe3 Nd6 40. Nc6
Qc7 41. Qf4 Nde8 42. Ne5 Rxc3 43. Rxc3 Nd5 44. Qd4 Nxc3 45. Qxc3 Nf6 46. f4 Nd5
47. Qxc4 Qxc4 48. Nxc4 Nxf4 49. Kg3 Nd5 50. Ne5 Kf6 51. Ng4+ Kf5 52. Kf3 e5 53.
Nf2 Nf6 54. g4+ Ke6 55. g5 Ne8 56. h4 Nd6 57. Kg4 Kd5 58. h5 Kd4 59. h6 Ne4 60.
Nh3 Ke3 61. Ng1 Nd2 62. Nh3 Nb3 63. Kg3 Nd4 64. Kg4 Ne2 0-1

[Event "39th Nezhmetdinov Mem"]
[Site "Kazan RUS"]
[Date "2017.06.02"]
[Round "3.5"]
[White "Lintchevski, Daniil"]
[Black "Chekletsov, Ilya"]
[Result "1-0"]
[WhiteTitle "GM"]
[BlackTitle "FM"]
[WhiteElo "2532"]
[BlackElo "2378"]
[WhiteFideId "4171055"]
[BlackFideId "24177156"]
[EventDate "2017.05.31"]

1. e4 e5 2. Nf3 Nf6 3. Nxe5 Qe7 4. d4 Nc6 5. Nc3 Nxe5 6. dxe5 Qxe5 7. f4 Qe6 8.
Qd4 b6 9. Bc4 Bc5 10. Qd3 Qe7 11. Bd2 Bb7 12. O-O-O O-O-O 13. Rhe1 Rhe8 14. Re2
h5 15. Ba6 Bb4 16. e5 Bxc3 17. Bxc3 Bxa6 18. Qxa6+ Kb8 19. Rd4 d5 20. Ra4 c6 21.
e6 fxe6 22. Be5+ Ka8 23. Qxb6 Qb7 24. Qxb7+ Kxb7 25. Bd4 Ra8 26. Re3 Nd7 27.
Bxg7 Rg8 28. Rg3 Rae8 29. Raa3 c5 30. Bh6 Nf6 31. Rgb3+ Ka8 32. Bg5 Ne4 33. h4
e5 34. g3 d4 35. Rf3 Rg7 36. Ra6 Nxg5 37. hxg5 e4 38. Rf1 Kb7 39. Rh6 Rd7 40. g6
c4 41. Re1 e3 42. Rh7 Rxh7 43. gxh7 Kc6 44. c3 d3 45. Rxe3 Kd5 1-0

[Event "39th Nezhmetdinov Mem"]
[Site "Kazan RUS"]
[Date "2017.06.02"]
[Round "3.6"]
[White "Hemant, Sharma2"]
[Black "Moiseenko, Vadim"]
[Result "0-1"]
[BlackTitle "IM"]
[WhiteElo "2380"]
[BlackElo "2528"]
[WhiteFideId "5025842"]
[BlackFideId "4123700"]
[EventDate "2017.05.31"]

1. Nf3 d6 2. c4 g6 3. Nc3 Bg7 4. g3 f5 5. Bg2 e5 6. d3 Nh6 7. Bg5 Qd7 8. Nd5 Nf7
9. Bf6 O-O 10. Bxg7 Kxg7 11. Qd2 c6 12. Nc3 Na6 13. O-O Qe7 14. Ne1 Be6 15. Nc2
Rad8 16. b4 Nc7 17. b5 cxb5 18. cxb5 d5 19. b6 axb6 20. Rfb1 d4 21. Nb5 Bd5 22.
Qb4 Qd7 23. Nxc7 Qxc7 24. Na3 Bxg2 25. Kxg2 Qc6+ 26. Kg1 Ng5 27. f3 e4 28. h4
Nf7 29. Qxb6 exd3 30. Qxc6 bxc6 31. exd3 Ne5 32. Rb3 f4 33. Nc4 Nxf3+ 34. Kg2
fxg3 35. Kxg3 g5 36. hxg5 Rd5 37. Rb7+ Kg6 38. Rh1 Rxg5+ 39. Kf2 Ne5+ 40. Ke2
Rg2+ 41. Kd1 Nxd3 0-1

[Event "39th Nezhmetdinov Mem"]
[Site "Kazan RUS"]
[Date "2017.06.02"]
[Round "3.7"]
[White "Popov, Mikhail"]
[Black "Yudin, Sergei"]
[Result "1/2-1/2"]
[WhiteTitle "FM"]
[BlackTitle "GM"]
[WhiteElo "2378"]
[BlackElo "2522"]
[WhiteFideId "4146182"]
[BlackFideId "4159659"]
[EventDate "2017.05.31"]

1. Nf3 e6 2. c4 d5 3. d4 c6 4. Nc3 dxc4 5. a4 Bb4 6. e3 b5 7. Bd2 a5 8. axb5
Bxc3 9. Bxc3 cxb5 10. b3 Bb7 11. bxc4 b4 12. Bb2 Nf6 13. Bd3 Nbd7 14. O-O O-O
15. Nd2 Qc7 16. Bc2 e5 17. d5 Qd6 18. f4 Rfe8 19. fxe5 Nxe5 20. Ne4 Nxe4 21.
Bxe4 Nxc4 22. Qh5 g6 23. Rxf7 gxh5 24. Rg7+ Kh8 25. Rxh7+ Kg8 26. Rg7+ Kh8 27.
Rh7+ Kg8 28. Rg7+ Kh8 1/2-1/2

[Event "39th Nezhmetdinov Mem"]
[Site "Kazan RUS"]
[Date "2017.06.02"]
[Round "3.8"]
[White "Tsydypov, Zhamsaran"]
[Black "Galiullin, Mikhail"]
[Result "1-0"]
[WhiteTitle "IM"]
[BlackTitle "FM"]
[WhiteElo "2511"]
[BlackElo "2205"]
[WhiteFideId "4108566"]
[BlackFideId "34110647"]
[EventDate "2017.05.31"]

1. e4 g6 2. d4 Bg7 3. Nc3 d6 4. Bg5 c6 5. Qd2 Qa5 6. f4 Be6 7. Nf3 Nd7 8. h3
Ngf6 9. Bd3 Nb6 10. O-O Nc4 11. Qc1 Qb4 12. Rb1 O-O-O 13. a3 Nxa3 14. bxa3 Qxc3
15. f5 Nxe4 16. Bxe4 Bxd4+ 17. Kh1 gxf5 18. Bd2 Qc5 19. Bb4 Qb6 20. Bc3 Bxc3 21.
Rxb6 fxe4 22. Rb3 Bxb3 23. cxb3 exf3 24. Qxc3 fxg2+ 25. Kxg2 Rhg8+ 26. Kh2 f6
27. Qe3 Rg7 28. Rg1 Rxg1 29. Kxg1 e5 30. Qf3 d5 31. Qxf6 d4 32. Kf2 d3 33. Ke1
d2+ 34. Kd1 Rd7 35. Qh8+ Kc7 36. Qxe5+ Kc8 37. Qe8+ Kc7 38. Qa8 a6 39. Qf8 Rd4
40. b4 Rd8 41. Qe7+ Rd7 42. Qe5+ Kc8 43. h4 b6 44. Qe8+ Kc7 45. Qa8 b5 46. Qxa6
h6 47. Qa7+ Kc8 48. Qb6 Rd6 49. a4 bxa4 50. b5 a3 51. bxc6 1-0

[Event "39th Nezhmetdinov Mem"]
[Site "Kazan RUS"]
[Date "2017.06.02"]
[Round "3.9"]
[White "Samusenko, Maksim"]
[Black "Hasangatin, Ramil"]
[Result "1/2-1/2"]
[WhiteTitle "FM"]
[BlackTitle "GM"]
[WhiteElo "2325"]
[BlackElo "2509"]
[WhiteFideId "4112253"]
[BlackFideId "4122160"]
[EventDate "2017.05.31"]

1. e4 c5 2. Nf3 a6 3. g3 b5 4. Bg2 Bb7 5. Qe2 d6 6. d4 Nd7 7. O-O e6 8. Rd1 Ngf6
9. e5 Nd5 10. dxc5 Nxc5 11. b3 Qb6 12. Bb2 dxe5 13. Bxe5 Nd7 14. Bd4 Qc7 15. Ng5
N5f6 16. Bxb7 Qxb7 17. Nc3 Be7 18. Nce4 O-O 19. c4 h6 20. Nxf6+ Nxf6 21. Nh3
bxc4 22. Qxc4 Rac8 23. Qe2 Rfd8 24. Nf4 Qe4 25. Qxe4 Nxe4 26. Be3 Rxd1+ 27. Rxd1
Rc2 28. a4 Rb2 29. Rd7 Bc5 30. Bxc5 Nxc5 31. Rd8+ Kh7 32. Rf8 e5 33. Nd5 Rd2 34.
Nc7 Rd7 35. b4 Rxc7 36. bxc5 Rxc5 37. Rxf7 Ra5 38. f4 Kg6 39. Rf8 e4 40. Kf2
Rxa4 41. Ke3 Kh5 42. Rg8 g6 43. Rf8 a5 44. f5 g5 45. Rg8 Kg4 46. f6 Ra3+ 47.
Kxe4 Rf3 48. Ke5 Kh3 49. Ke6 Kxh2 50. f7 Kxg3 51. f8=Q Rxf8 52. Rxf8 h5 53. Kf5
h4 54. Rg8 h3 55. Rxg5+ Kf2 56. Rh5 Kg2 57. Rg5+ Kf2 58. Rh5 Kg2 59. Rg5+ Kf2
60. Rh5 Kg2 61. Ke5 1/2-1/2

[Event "39th Nezhmetdinov Mem"]
[Site "Kazan RUS"]
[Date "2017.06.02"]
[Round "3.10"]
[White "Burmakin, Vladimir"]
[Black "Rodionova, Daria"]
[Result "1-0"]
[WhiteTitle "GM"]
[BlackTitle "WFM"]
[WhiteElo "2508"]
[BlackElo "2148"]
[WhiteFideId "4105109"]
[BlackFideId "24136638"]
[EventDate "2017.05.31"]

1. d4 Nf6 2. Nf3 g6 3. Bf4 Bg7 4. e3 O-O 5. Be2 d6 6. O-O c5 7. c3 b6 8. a4 a6
9. h3 Bb7 10. Qb3 Qc7 11. Rd1 Nc6 12. Nbd2 Rab8 13. Bh2 Na5 14. Qa2 Rbc8 15. c4
cxd4 16. exd4 Ne4 17. d5 Nxd2 18. Nxd2 Ba8 19. Rac1 Nb7 20. Bf4 a5 21. Ne4 Nc5
22. Nc3 Bb7 23. Nb5 Qd7 24. b3 Ba6 25. Nd4 Rc7 26. Rb1 Ra8 27. Qd2 Rac8 28. Bg4
f5 29. Bf3 Re8 30. Re1 Bb7 31. Ne6 Nxe6 32. Rxe6 Rf8 33. Qe3 Ra8 34. Qxb6 Kf7
35. Rbe1 Qd8 36. Qe3 Bc8 37. c5 Ra6 38. cxd6 exd6 39. Bg5 1-0

[Event "39th Nezhmetdinov Mem"]
[Site "Kazan RUS"]
[Date "2017.06.03"]
[Round "4.1"]
[White "Kokarev, Dmitry"]
[Black "Lintchevski, Daniil"]
[Result "1/2-1/2"]
[WhiteTitle "GM"]
[BlackTitle "GM"]
[WhiteElo "2640"]
[BlackElo "2532"]
[WhiteFideId "4132181"]
[BlackFideId "4171055"]
[EventDate "2017.05.31"]

1. e4 c6 2. Nc3 d5 3. g3 dxe4 4. Nxe4 Bf5 5. Bg2 e6 6. d4 Be7 7. c3 Nf6 8. Nxf6+
Bxf6 9. Nf3 O-O 10. O-O Nd7 11. Bf4 Be4 12. Qe2 Bxf3 13. Qxf3 Bg5 14. Bd6 Be7
15. Bf4 Bg5 16. Be3 Qe7 17. Rad1 Rad8 18. Rfe1 Bxe3 19. Qxe3 Nf6 20. Qe5 Rd6 21.
Bf3 Rfd8 22. Qc5 b6 23. Qe5 h6 24. h4 Nd7 25. Qe3 Nf6 26. Qe5 Nd7 27. Qe3 Nf6
28. Qe5 1/2-1/2

[Event "39th Nezhmetdinov Mem"]
[Site "Kazan RUS"]
[Date "2017.06.03"]
[Round "4.2"]
[White "Moiseenko, Vadim"]
[Black "Smirnov, Pavel"]
[Result "1-0"]
[WhiteTitle "IM"]
[BlackTitle "GM"]
[WhiteElo "2528"]
[BlackElo "2589"]
[WhiteFideId "4123700"]
[BlackFideId "4123425"]
[EventDate "2017.05.31"]

1. e4 c5 2. Nf3 Nc6 3. Bb5 g6 4. Bxc6 bxc6 5. O-O Bg7 6. Re1 Nh6 7. h3 O-O 8. c3
f5 9. e5 Nf7 10. d3 Rb8 11. b3 h6 12. h4 Re8 13. Ba3 d6 14. e6 Ne5 15. Nxe5 dxe5
16. Bxc5 Rb7 17. d4 Qd5 18. c4 Qd8 19. Nc3 Bxe6 20. dxe5 Qxd1 21. Raxd1 g5 22.
f4 Kf7 23. Be3 gxf4 24. Bxf4 Rb6 25. Rd2 Ra6 26. Kf2 Ra5 27. Re3 Rb8 28. Ne2 Rb6
29. Nd4 Ra3 30. Ree2 c5 31. Nb5 Ra5 32. Nc3 Rb7 33. Rd3 Rd7 34. Red2 Rxd3 35.
Rxd3 Ra6 36. Rd8 Rc6 37. Ra8 Ra6 38. a4 Bd7 39. Nb5 h5 40. g3 Kg6 41. Rd8 Bc6
42. Rc8 Rb6 43. Rc7 Be4 44. a5 Rb8 45. Rxa7 Bc2 46. Ra6+ Kh7 47. Rb6 Rd8 48. a6
Rd1 49. Nc7 Ra1 50. Ne6 Ra2 51. Ke3 Kg8 52. Rb8+ Kf7 53. Ng5+ Kg6 54. Rb6+ 1-0

[Event "39th Nezhmetdinov Mem"]
[Site "Kazan RUS"]
[Date "2017.06.03"]
[Round "4.3"]
[White "Tsydypov, Zhamsaran"]
[Black "Pridorozhni, Aleksei"]
[Result "1-0"]
[WhiteTitle "IM"]
[BlackTitle "GM"]
[WhiteElo "2511"]
[BlackElo "2540"]
[WhiteFideId "4108566"]
[BlackFideId "4127870"]
[EventDate "2017.05.31"]

1. e4 c5 2. Nf3 e6 3. d4 cxd4 4. Nxd4 Nf6 5. Nc3 Nc6 6. Ndb5 Bc5 7. Bf4 O-O 8.
e5 Ne8 9. Ne4 Be7 10. c3 a6 11. Nbd6 Bxd6 12. Nxd6 Qc7 13. Bd3 Nxd6 14. exd6 Qd8
15. Qh5 f5 16. g4 b5 17. O-O-O Qf6 18. gxf5 exf5 19. Bc2 Na5 20. Rhg1 Bb7 21.
Rde1 Qf7 22. Qh6 Be4 23. Rxe4 fxe4 24. Be5 g6 25. Bxe4 1-0

[Event "39th Nezhmetdinov Mem"]
[Site "Kazan RUS"]
[Date "2017.06.03"]
[Round "4.4"]
[White "Swapnil, S. Dhopade"]
[Black "Burmakin, Vladimir"]
[Result "0-1"]
[WhiteTitle "GM"]
[BlackTitle "GM"]
[WhiteElo "2533"]
[BlackElo "2508"]
[WhiteFideId "5019184"]
[BlackFideId "4105109"]
[EventDate "2017.05.31"]

1. d4 Nf6 2. c4 e6 3. g3 d5 4. Nf3 Nbd7 5. Bg2 Bb4+ 6. Bd2 Be7 7. O-O O-O 8. Qc2
Ne4 9. Bf4 c6 10. Nc3 Nxc3 11. Qxc3 Re8 12. Rfd1 Nf8 13. Ne5 Ng6 14. Nxg6 hxg6
15. e4 g5 16. Be3 dxe4 17. Bxe4 Bf6 18. Qb3 Qc7 19. Rac1 Bd7 20. Bf3 e5 21. d5
Bf5 22. d6 Qd7 23. c5 g6 24. Qb4 Kg7 25. Be4 Rh8 26. f3 Be6 27. Qd2 g4 28. Bg5
Bxg5 29. Qxg5 f5 30. Bxf5 Bxf5 31. fxg4 Bxg4 32. Qxe5+ Kh7 33. Rd4 Rae8 34. Qg5
Bf5 35. g4 Be6 36. Rc3 Bd5 37. Rh3+ Kg7 38. Rxh8 Rxh8 39. Qe5+ Kg8 40. Rf4 Rh7
41. Qf6 Qe8 42. h4 Qe1+ 0-1

[Event "39th Nezhmetdinov Mem"]
[Site "Kazan RUS"]
[Date "2017.06.03"]
[Round "4.5"]
[White "Timofeev, Artyom"]
[Black "Belyakov, Bogdan"]
[Result "1/2-1/2"]
[WhiteTitle "GM"]
[BlackTitle "IM"]
[WhiteElo "2555"]
[BlackElo "2470"]
[WhiteFideId "4140419"]
[BlackFideId "24104795"]
[EventDate "2017.05.31"]

1. e4 e5 2. Nf3 Nc6 3. Bb5 Nf6 4. d3 Bc5 5. Nc3 d6 6. Na4 Bb6 7. c3 O-O 8. h3
Ne7 9. Nxb6 axb6 10. Ba4 Ng6 11. O-O Nh5 12. Bb3 Nhf4 13. Kh2 Be6 14. Bxe6 Nxe6
15. d4 h6 16. Be3 Qf6 17. d5 Nc5 18. Nd2 Qe7 19. b4 Nd7 20. Qc2 Qh4 21. Nf3 Qe7
22. a4 Nh4 23. Nxh4 Qxh4 24. a5 bxa5 25. bxa5 Rfb8 26. Qa4 Qd8 27. Qc4 b6 28.
axb6 Nxb6 29. Qc6 Rxa1 30. Rxa1 Nc8 31. c4 Kh7 32. c5 dxc5 33. Qxc5 Nd6 34. Qc2
Rb4 35. Ra7 Rc4 36. Qb3 Qh4 37. f3 Qe1 38. Qd3 h5 39. Qd2 Qxd2 40. Bxd2 f5 1/2-1/2

[Event "39th Nezhmetdinov Mem"]
[Site "Kazan RUS"]
[Date "2017.06.03"]
[Round "4.6"]
[White "Ivanov, Andrew"]
[Black "Maiorov, Nikita1"]
[Result "1/2-1/2"]
[WhiteTitle "IM"]
[BlackTitle "GM"]
[WhiteElo "2392"]
[BlackElo "2527"]
[WhiteFideId "4188080"]
[BlackFideId "13501720"]
[EventDate "2017.05.31"]

1. d4 Nf6 2. c4 e6 3. g3 Bb4+ 4. Bd2 Be7 5. Nf3 d5 6. Bg2 c6 7. Qc2 O-O 8. O-O
b6 9. Bf4 Bb7 10. cxd5 cxd5 11. Ne5 Nfd7 12. Nf3 Nc6 13. Nc3 Rc8 14. Rac1 Nf6
15. Rfd1 a6 16. a4 h6 17. h3 Bb4 18. Qb3 Re8 19. Rc2 Bf8 20. Na2 Ne4 21. Rdc1
Nd6 22. Qd3 Qe7 23. g4 Red8 24. Ne5 Nxe5 25. Bxe5 Qd7 26. b3 Ne8 27. Rc3 Nd6 28.
R3c2 Ne8 29. Rc3 Nd6 30. R3c2 1/2-1/2

[Event "39th Nezhmetdinov Mem"]
[Site "Kazan RUS"]
[Date "2017.06.03"]
[Round "4.7"]
[White "Yudin, Sergei"]
[Black "Bryakin, Mikhail"]
[Result "1/2-1/2"]
[WhiteTitle "GM"]
[BlackTitle "FM"]
[WhiteElo "2522"]
[BlackElo "2338"]
[WhiteFideId "4159659"]
[BlackFideId "4165314"]
[EventDate "2017.05.31"]

1. d4 d5 2. Nf3 Nf6 3. c4 c6 4. Qc2 e6 5. Bf4 Bd6 6. e3 O-O 7. Nbd2 Bxf4 8. exf4
Nbd7 9. Bd3 dxc4 10. Nxc4 c5 11. O-O b5 12. Nce5 c4 13. Be2 Bb7 14. a4 a6 15.
axb5 axb5 16. b3 Nb6 17. Rxa8 Qxa8 18. bxc4 Nxc4 19. Qb3 Rb8 20. Rb1 Be4 21. Bd3
Bxd3 22. Qxd3 Nd6 23. h3 b4 24. Qb3 Qd5 25. Nd3 Qxb3 26. Rxb3 Nd5 27. Nfe5 Rb6
28. Nd7 Rb5 29. N7e5 Rb6 30. Nd7 Rb5 31. N7e5 Rb6 32. Nd7 Rb5 33. N7e5 Rb6 1/2-1/2

[Event "39th Nezhmetdinov Mem"]
[Site "Kazan RUS"]
[Date "2017.06.03"]
[Round "4.8"]
[White "Hasangatin, Ramil"]
[Black "Popov, Mikhail"]
[Result "1-0"]
[WhiteTitle "GM"]
[BlackTitle "FM"]
[WhiteElo "2509"]
[BlackElo "2378"]
[WhiteFideId "4122160"]
[BlackFideId "4146182"]
[EventDate "2017.05.31"]

1. Nf3 g6 2. e4 Bg7 3. d4 d6 4. c3 Nf6 5. Bd3 Nc6 6. d5 Ne5 7. Nxe5 dxe5 8. Bb5+
Bd7 9. Qa4 a6 10. Bxd7+ Qxd7 11. Qxd7+ Kxd7 12. f3 e6 13. dxe6+ Kxe6 14. Be3 h5
15. h4 Ne8 16. Nd2 Nd6 17. Ke2 Bh6 18. Bxh6 Rxh6 19. Rad1 f5 20. exf5+ gxf5 21.
Kf2 Rg6 22. Rhg1 Rag8 23. Rde1 f4 24. Ne4 Nxe4+ 25. Rxe4 R6g7 26. Re2 c5 27. c4
b5 28. b3 bxc4 29. bxc4 Kf5 30. Rd2 Rb7 31. Re1 Rb4 32. Re4 Rb1 33. Ree2 Rc1 34.
Rd5 Rxc4 35. Rexe5+ Kf6 36. Rf5+ Ke6 37. Rxc5 Rxc5 38. Rxc5 Rb8 39. Rc6+ Ke5 40.
Rxa6 Rb2+ 41. Kg1 Kd4 42. Ra4+ Ke5 43. Ra5+ 1-0

[Event "39th Nezhmetdinov Mem"]
[Site "Kazan RUS"]
[Date "2017.06.03"]
[Round "4.9"]
[White "Golubov, Saveliy"]
[Black "Samusenko, Maksim"]
[Result "1-0"]
[WhiteTitle "IM"]
[BlackTitle "FM"]
[WhiteElo "2504"]
[BlackElo "2325"]
[WhiteFideId "24176729"]
[BlackFideId "4112253"]
[EventDate "2017.05.31"]

1. d4 Nf6 2. c4 d6 3. Nc3 g6 4. e4 Bg7 5. h3 O-O 6. Be3 c6 7. Nf3 Na6 8. Be2 e5
9. d5 cxd5 10. cxd5 Nh5 11. Ng1 Nf4 12. Bf1 Nc5 13. g3 Nh5 14. b4 Na6 15. a3 Bd7
16. Be2 Nf6 17. Rc1 Rc8 18. Bd3 Nh5 19. Be2 Nf6 20. Nf3 Rxc3 21. Rxc3 Nxe4 22.
Rc1 f5 23. Qc2 b5 24. g4 Kh8 25. gxf5 gxf5 26. Bd3 Qa8 27. Bxe4 fxe4 28. Ng5
Qxd5 29. Rd1 Qb7 30. Rxd6 Nb8 31. Rg1 Bf5 32. Qd2 Qc8 33. Nf7+ Rxf7 34. Rd8+ Rf8
35. Rxc8 Rxc8 36. Rg5 Bg6 37. Qd6 a6 38. h4 1-0

[Event "39th Nezhmetdinov Mem"]
[Site "Kazan RUS"]
[Date "2017.06.03"]
[Round "4.10"]
[White "Kozionov, Kirill"]
[Black "Askerov, Marat"]
[Result "1/2-1/2"]
[WhiteTitle "IM"]
[BlackTitle "FM"]
[WhiteElo "2437"]
[BlackElo "2213"]
[WhiteFideId "24101729"]
[BlackFideId "24175200"]
[EventDate "2017.05.31"]

1. d4 Nf6 2. c4 e6 3. g3 Bb4+ 4. Nd2 c5 5. a3 Bxd2+ 6. Qxd2 cxd4 7. Nf3 b6 8.
Nxd4 Bb7 9. f3 O-O 10. Nb5 d5 11. cxd5 a6 12. Nd4 Qxd5 13. Nc2 Qb3 14. Nd4 Qd5
15. Nc2 Qb3 16. Nd4 1/2-1/2

[Event "39th Nezhmetdinov Mem"]
[Site "Kazan RUS"]
[Date "2017.06.04"]
[Round "5.1"]
[White "Burmakin, Vladimir"]
[Black "Moiseenko, Vadim"]
[Result "1/2-1/2"]
[WhiteTitle "GM"]
[BlackTitle "IM"]
[WhiteElo "2508"]
[BlackElo "2528"]
[WhiteFideId "4105109"]
[BlackFideId "4123700"]
[EventDate "2017.05.31"]

1. d4 g6 2. e4 Bg7 3. Nc3 d5 4. exd5 Nf6 5. Bb5+ Nbd7 6. Nf3 O-O 7. O-O Nb6 8.
h3 Nfxd5 9. Nxd5 Qxd5 10. Be2 Bf5 11. c3 Rfd8 12. Qb3 a5 13. Qxd5 Nxd5 14. a4 h6
15. Re1 g5 16. h4 f6 17. Nh2 Bf8 18. hxg5 hxg5 19. Nf1 c6 20. Ne3 Nxe3 21. Bxe3
e6 22. g4 Bg6 23. Bc4 Bf7 24. f3 Bd6 25. Kg2 Kg7 26. Re2 Rh8 27. Bg1 Rae8 28.
Rae1 Re7 29. Re4 Rhe8 30. Bf2 Bf4 31. Bg3 Bxg3 32. Kxg3 b6 33. Kf2 Bg8 34. R4e2
Bf7 35. Re4 Bg8 36. R4e2 Bf7 37. Re4 Bg8 38. R4e2 Bf7 39. Re4 Bg8 1/2-1/2

[Event "39th Nezhmetdinov Mem"]
[Site "Kazan RUS"]
[Date "2017.06.04"]
[Round "5.2"]
[White "Kokarev, Dmitry"]
[Black "Tsydypov, Zhamsaran"]
[Result "1/2-1/2"]
[WhiteTitle "GM"]
[BlackTitle "IM"]
[WhiteElo "2640"]
[BlackElo "2511"]
[WhiteFideId "4132181"]
[BlackFideId "4108566"]
[EventDate "2017.05.31"]

1. Nf3 d5 2. g3 c5 3. Bg2 Nc6 4. O-O Nf6 5. d3 Bg4 6. h3 Bh5 7. c4 e6 8. cxd5
Nxd5 9. Nc3 Be7 10. Nxd5 exd5 11. d4 O-O 12. dxc5 Bxc5 13. Bg5 f6 14. Bf4 Re8
15. Rc1 Bb6 16. g4 Bg6 17. Nh4 Be4 18. Nf5 Bxg2 19. Kxg2 Re6 20. Qd3 Qd7 21.
Rfd1 Rd8 22. a3 g6 23. Ng3 d4 24. b4 Qf7 25. Qb3 Re7 26. Qxf7+ Kxf7 27. Kf1 a6
28. f3 g5 29. Bd2 d3 30. e4 Ne5 31. Nf5 Rc7 32. Rxc7+ Bxc7 33. Ne3 Nxf3 34. Nd5
Be5 35. Be3 h5 36. Rxd3 hxg4 37. hxg4 Nh2+ 38. Ke2 Nxg4 39. Bg1 Rh8 40. b5 axb5
41. Rb3 Rh1 42. Bc5 Rh2+ 43. Kf1 Rh1+ 44. Ke2 Rh2+ 45. Kf1 Rb2 46. Rxb2 Bxb2 47.
Nc7 Be5 48. Nxb5 Ke6 49. Ke2 Nh6 50. a4 Nf7 51. Kf3 Nd8 52. Nd4+ Kd7 53. Kg4 Nc6
54. Nxc6 Kxc6 55. Be3 Kd6 56. Kf5 Bc3 57. Bf2 Ke7 58. Bc5+ Kf7 59. Bf2 Be5 60.
Bc5 Bc3 1/2-1/2

[Event "39th Nezhmetdinov Mem"]
[Site "Kazan RUS"]
[Date "2017.06.04"]
[Round "5.3"]
[White "Lintchevski, Daniil"]
[Black "Hasangatin, Ramil"]
[Result "1-0"]
[WhiteTitle "GM"]
[BlackTitle "GM"]
[WhiteElo "2532"]
[BlackElo "2509"]
[WhiteFideId "4171055"]
[BlackFideId "4122160"]
[EventDate "2017.05.31"]

1. d4 Nf6 2. g3 d5 3. Bg2 c6 4. Nf3 Bf5 5. O-O Nbd7 6. c4 e6 7. Nc3 dxc4 8. Nh4
Bg4 9. h3 Bh5 10. g4 Nd5 11. e4 Nb4 12. Nf3 Bg6 13. b3 cxb3 14. Qxb3 Qc7 15. Rb1
Rb8 16. Bg5 h6 17. Bh4 Bd6 18. Nd2 Nd3 19. e5 N7xe5 20. dxe5 Bxe5 21. Nce4 Nf4
22. Qa3 b6 23. Nc4 c5 24. Nxe5 Qxe5 25. Rbe1 Qc7 26. Bg3 O-O 27. Bxf4 Qxf4 28.
Qxa7 Rfd8 29. Re3 Qe5 30. Nc3 Qd4 31. Qc7 Rdc8 32. Qg3 b5 33. Rd1 Qb4 34. h4 Rd8
35. Rxd8+ Rxd8 36. h5 Bc2 37. g5 Kh7 38. Ne4 Qd4 39. Kh2 Kh8 40. gxh6 gxh6 41.
Qf4 Kh7 42. Qxf7+ Qg7 43. Qxg7+ Kxg7 44. Nxc5 Rd2 45. Kg3 Bf5 46. a3 Kf6 47.
Ne4+ Bxe4 48. Bxe4 Rb2 49. Bf3 b4 50. axb4 Rxb4 51. Bg4 e5 52. Rf3+ Kg7 53. Ra3 1-0

[Event "39th Nezhmetdinov Mem"]
[Site "Kazan RUS"]
[Date "2017.06.04"]
[Round "5.4"]
[White "Smirnov, Pavel"]
[Black "Golubov, Saveliy"]
[Result "1/2-1/2"]
[WhiteTitle "GM"]
[BlackTitle "IM"]
[WhiteElo "2589"]
[BlackElo "2504"]
[WhiteFideId "4123425"]
[BlackFideId "24176729"]
[EventDate "2017.05.31"]

1. d4 f5 2. c4 Nf6 3. Nf3 g6 4. e3 Bg7 5. Be2 O-O 6. O-O d6 7. Nc3 Kh8 8. b4 c6
9. Bb2 Be6 10. Qc2 Nbd7 11. a4 Bg8 12. Rfd1 Qc7 13. a5 a6 14. Rac1 e5 15. dxe5
Nxe5 16. Na4 Rad8 17. Nxe5 dxe5 18. Rxd8 Rxd8 19. Rd1 Ne4 20. f3 Ng5 21. Nc5 Ne6
22. Rxd8 Qxd8 23. Qd3 Qf8 24. Nxe6 Bxe6 25. b5 cxb5 26. cxb5 Qb4 27. Qc3 Qxc3
28. Bxc3 axb5 29. Bxb5 Bd5 30. Kf2 Kg8 31. Ke2 Kf7 32. Kd2 Ke6 33. Ke2 Kf7 34.
Kd2 Ke6 35. Ke2 1/2-1/2